<?xml version="1.0" encoding="UTF-8"?><?xml-stylesheet type="text/xsl" href="static/style.xsl"?><OAI-PMH xmlns="http://www.openarchives.org/OAI/2.0/" xmlns:xsi="http://www.w3.org/2001/XMLSchema-instance" xsi:schemaLocation="http://www.openarchives.org/OAI/2.0/ http://www.openarchives.org/OAI/2.0/OAI-PMH.xsd"><responseDate>2026-04-13T15:12:14Z</responseDate><request verb="GetRecord" identifier="oai:www.recercat.cat:10256/26121" metadataPrefix="marc">https://recercat.cat/oai/request</request><GetRecord><record><header><identifier>oai:recercat.cat:10256/26121</identifier><datestamp>2025-02-04T14:16:13Z</datestamp><setSpec>com_2072_452992</setSpec><setSpec>com_2072_2054</setSpec><setSpec>col_2072_453152</setSpec></header><metadata><record xmlns="http://www.loc.gov/MARC21/slim" xmlns:dcterms="http://purl.org/dc/terms/" xmlns:xsi="http://www.w3.org/2001/XMLSchema-instance" xmlns:doc="http://www.lyncode.com/xoai" xsi:schemaLocation="http://www.loc.gov/MARC21/slim http://www.loc.gov/standards/marcxml/schema/MARC21slim.xsd">
   <leader>00925njm 22002777a 4500</leader>
   <datafield ind2=" " ind1=" " tag="042">
      <subfield code="a">dc</subfield>
   </datafield>
   <datafield ind2=" " ind1=" " tag="720">
      <subfield code="a">Sala i Vila, Núria</subfield>
      <subfield code="e">author</subfield>
   </datafield>
   <datafield ind2=" " ind1=" " tag="260">
      <subfield code="c">2021</subfield>
   </datafield>
   <datafield ind2=" " ind1=" " tag="520">
      <subfield code="a">El Perú tenía, según datos del Censo Nacional Agropecuario de 2012 (IV CENAGRO 2012), un total de 7.599 comunidades, de las cuales, 6.277 eran campesinas y 1.322 nativas; tales comunidades eran las que controlaban el 60% de las tierras agropecuarias (Burneo, Remy y Urrutia, 2019). Las comunidades campesinas fueron reconocidas por el Estado, a partir de la Constitución de 1920 y de las leyes de Deslinde y Titulación de Comunidades Campesinas (Ley 24,656 de 1987), Comunidades Campesinas de la Costa (Ley 26,845 de 1997), Comunidades Nativas y de Desarrollo Agrario de la Selva y Ceja de Selva (Decreto Ley 22,175 de 1978)3 y a raíz de la política de “reestructuración de las SAIS y cooperativas” creadas a raíz de la Reforma Agraria de 1968 (Burneo, Remy y Urrutia, 2019, 28). La legislación relativa a las comunidades nativas se orientaba a reconocer derechos colectivos de grupos cuyo origen provenía de “los grupos tribales de la Selva y Cejas de Selva”,4 si bien a partir del Reglamento de la Ley General de Comunidades Campesinas se permitió que en determinados casos se reconocieran comunidades campesinas en zonas ribereñas de la Amazonia (Siccam, 2016, 7)</subfield>
   </datafield>
   <datafield ind2=" " ind1=" " tag="520">
      <subfield code="a">Investigación resultante del proyecto PGC2018-095458-B-I00</subfield>
   </datafield>
   <datafield ind1="8" ind2=" " tag="024">
      <subfield code="a">http://hdl.handle.net/10256/26121</subfield>
   </datafield>
   <datafield tag="653" ind2=" " ind1=" ">
      <subfield code="a">Emprius -- Perú -- Arequipa</subfield>
   </datafield>
   <datafield tag="653" ind2=" " ind1=" ">
      <subfield code="a">Commons -- Peru -- Arequipa</subfield>
   </datafield>
   <datafield tag="653" ind2=" " ind1=" ">
      <subfield code="a">Comunitats rurals -- Perú -- Arequipa</subfield>
   </datafield>
   <datafield tag="653" ind2=" " ind1=" ">
      <subfield code="a">Public lands -- Peru -- Arequipa</subfield>
   </datafield>
   <datafield ind2="0" ind1="0" tag="245">
      <subfield code="a">Tierras comunales étnicas y Bienes de Comunidad de la provincia: la tensión entre derechos indígenas y provinciales en Arequipa, Perú (1820-24)</subfield>
   </datafield>
</record></metadata></record></GetRecord></OAI-PMH>